| 000 | 01731 a2200277 4500 | ||
|---|---|---|---|
| 003 | OSt | ||
| 005 | 20180116182741.0 | ||
| 008 | 170721b xxu||||| |||| 00| 0 eng d | ||
| 020 | _a9781855673403 | ||
| 020 | _a9781855673403 | ||
| 040 | _c0 | ||
| 082 | 0 | 4 | _a303.483 RIP1995 |
| 100 | _aEdit: Arie Rip, Thomas J. Misa and Johan Schot | ||
| 245 | 0 | 0 |
_aManaging Technology in Society : _bthe approach of constructive technology assessment. _cEdit: Arie Rip, Thomas J. Misa and Johan Schot |
| 260 |
_a[S.l.] : _bPinter Publishers, _c1995. |
||
| 300 |
_a361 p. ; _c24 cm. _bpb. |
||
| 440 | _aManaging Technology in Society : | ||
| 500 | _aPaperback. | ||
| 520 | _aThe chapters in this book are based on papers prepared for the international workshop on Constructive Technology Assessment, held at the University of Twente, Enschede, The Netherlands, 20-22 September 1991. Authors and editors have profited from the discussion and the contributions of participants in the workshop, which gathered eminent scholars in economics of technical change, history and sociology of science and technology, technology assessment, as well as a small number of interested policy-makers. The financial support of the Netherlands Organization for Technology Assessment (NOTA, now The Rathenau Institute), the Dutch ministry of Economic Affairs and the Illinois Institute of Technology's ERIF programme is acknowledged. | ||
| 700 | 1 | _aRip, Arie. | |
| 700 | 1 | _aMisa, Thomas J. | |
| 700 | 1 | _aSchot, Johan. | |
| 856 | 4 | 0 |
_3Amazon.com _uhttp://www.amazon.com/exec/obidos/ASIN/1855673401/chopaconline-20 |
| 856 | 4 | 0 |
_3Amazon customer reviews _uhttp://www.chopac.org/cgi-bin/tools/azrev.pl?q=1855673401 |
| 942 |
_aNBS _cBK _k303.483 RIP 1995 _2ddc |
||
| 999 |
_c345313 _d345313 |
||